| 000 | 00685nam a2200205Ii 4500 | ||
|---|---|---|---|
| 003 | JO-AjNU | ||
| 008 | 230605s9999||||xx |||||||||||||| ||und|| | ||
| 040 |
_aJO-AjNU _bara _erda _cJO-AjNU |
||
| 041 | _aara | ||
| 050 | 1 | 4 | _aPJ6101.I2761985 |
| 100 | 3 |
_aالاندلسي،محمد بن عبد الله بن مالك, _eauthor _915624 |
|
| 245 | 0 | 0 | _aألفية ابن مالك في النحو والصرف |
| 250 | _aط1 | ||
| 264 | 3 | 1 | _aبيروت: دار الكتب العالمية، 1985 |
| 300 | _a72ص | ||
| 336 |
_atext _btxt _2rdacontent |
||
| 337 |
_aunmediated _bn _2rdamedia |
||
| 338 |
_avolume _bnc _2rdacarrier |
||
| 650 | 4 |
_aاللغة العربية-نحو-صرف _915625 |
|
| 999 |
_aA4455 _c8023 _d8023 |
||